|
|
|
|
| LEADER |
00000nab a2200000 a 4500 |
| 001 |
vtls000519707 |
| 003 |
SK-MaSNL |
| 005 |
20260318122046.0 |
| 008 |
160202c1994 xo 0 hun |
| 015 |
|
|
|a SNBRB19rr/mm-uuuuu
|
| 035 |
|
|
|a CL0519845
|
| 040 |
|
|
|a SNKBUCL
|b slo
|c SNKBUCL
|e AACR2
|
| 041 |
0 |
|
|a hun
|
| 044 |
|
|
|a xo
|c SK
|
| 080 |
|
|
|a 329(437.6=945.11)
|2 1981
|
| 245 |
0 |
0 |
|a Párbeszéd ; Aut Miklós Duray, Béla Bugár, Gyula Popély, László Nagy A., Árpád Duka Zólyomi, Gyula Bárdos, Ferenc Szőcs, Kálmán Petőcz
|
| 300 |
|
|
|b Fotogr. 4
|
| 650 |
0 |
7 |
|a strany politické maďarské
|2 snkbucl
|9 901655
|
| 651 |
|
7 |
|a Slovensko
|2 snkbucl
|9 14231
|
| 651 |
|
7 |
|a 5202
|2 snkbucl
|9 277881
|
| 655 |
|
7 |
|a články z novín a časopisov
|2 snkbucl
|9 267496
|
| 700 |
1 |
|
|a Duray, Miklós,
|d 1945-2022
|4 aut
|9 100740
|
| 700 |
1 |
|
|a Bugár, Béla,
|d 1958-
|4 aut
|9 103270
|
| 700 |
1 |
|
|a Popély, Gyula,
|d 1945-
|4 aut
|9 85478
|
| 700 |
1 |
|
|a Nagy, László A.,
|d 1948-
|4 aut
|9 840953
|
| 700 |
1 |
|
|a Duka Zólyomi, Árpád,
|d 1941-2013
|4 aut
|9 104454
|
| 700 |
1 |
|
|a Bárdos, Gyula,
|d 1958-
|4 aut
|9 107202
|
| 700 |
1 |
|
|a Szőcs, Ferenc,
|d 1935-2022
|4 aut
|9 224690
|
| 700 |
1 |
|
|a Petőcz, Kálmán,
|d 1961-
|4 aut
|9 103865
|
| 773 |
0 |
|
|t Vasárnap
|g Roč. 27, č. 26 (1994), s. 3
|
| 850 |
|
|
|a Slovenská národná knižnica v Martine
|a DSG001
|
| 852 |
|
|
|a SNK
|b KIS3GCP
|
| 958 |
|
|
|a RK
|
| 958 |
|
|
|a HU
|
| 992 |
|
|
|a RBX
|
| 999 |
|
|
|c 2995321
|d 2997251
|